Využitie modelu GROW vo výučbe predmetu manažment času

Model koučingu GROW a jeho možné využitie vo výučbe predmetu manažment času na Podnikovohospodárskej fakulte so sídlom v Košiciach Ekonomickej univerzity v Bratislave.

Salvato in:
Dettagli Bibliografici
Autore principale: Olexová, Cecília, 1976-
Natura: Capitolo di libro
Lingua:slovacco
Soggetti:
Tags: Aggiungi Tag
Nessun Tag, puoi essere il primo ad aggiungerne!!

MARC

LEADER 00000nla a2200000 4500
001 0164958
005 20240614080906.7
041 0 |a slo 
044 |a SK 
245 1 0 |a Využitie modelu GROW vo výučbe predmetu manažment času  |c Cecília Olexová 
520 |a Model koučingu GROW a jeho možné využitie vo výučbe predmetu manažment času na Podnikovohospodárskej fakulte so sídlom v Košiciach Ekonomickej univerzity v Bratislave. 
610 2 0 |a univerzity 
610 2 0 |a štúdium vysokoškolské 
610 2 0 |a výučba vedecká 
610 2 0 |a predmety učebné 
610 2 0 |a manažment času 
610 2 0 |a koučovanie 
610 2 0 |a modely 
100 1 |a Olexová, Cecília, 1976-